00430nam a2200121Ia 4500008004100000020001800041050002400059245011400083260004200197300002100239500004100260521000700301140529s9999 xx 000 0 und d a9789712724121 aHX 406.5b.M37 2010 aMarxism in the Philippines :bcontinuing engagements /cTeresa S. Encarnacion Tadem, Laura L. Samson, editors aManila, Philippines :bAnvil,cc2010. a228 p. ;c23 cm. aIncludes bibliographical references. aGE